000 00372nam a2200133Ia 4500
005 20260328101456.0
008 260328s9999||||xx |||||||||||||| ||und||
100 _aMejía Arango, Juan Luis
245 0 _aMonumentos Nacionales de Colombia - Siglo XIX /
_cJuan Luis Mejía Arango
260 _bColcultura
300 _a100 p.
650 _aARQUITECTURA REGIONAL
942 _cBK
999 _c8834
_d8834